01412cam a2200301Ia 4500001002300000003000700023005001700030007000700047008004100054040002600095020001500121020001800136035002000154090002200174092001900196100002700215245012300242260007100365300002800436630005800464630006200522856009600584856010000680942000700780506015000787506015400937999001901091revealinglastday00chunCaSfIA20210118215132.0cr||||940926s1991 arua 000 0 eng d aEXNcEXNdTCAdCaSfIA a096253434X a9780962534348 a(OCoLC)31180701 aBS1556b.C48 1991 a220.6bC5595re1 aChung, M. Kirkpatrick.10aRevealing last day events from the Bible books of Daniel & Revelation /h[electronic resource] cM. Kirkpatrick Chung. aSiloam Springs, Ark. :bCreation Enterprises International,c1991. a88 p. :bill. ;c22 cm.00aBible.pO.T.pDanielxCriticism, interpretation, etc.00aBible.pN.T.pRevelationxCriticism, interpretation, etc.41uhttp://www.archive.org/details/revealinglastday00chunzFree eBook from the Internet Archive42uhttp://www.openlibrary.org/books/OL8519722MzAdditional information and access via Open Library cEB fНеобхідна авторизація на https://archive.org/ (створення облікового запису безкоштовно) fНеобхідна авторизація на https://openlibrary.org/ (створення облікового запису безкоштовно) c543476d543476